Database design and programming with Access, SQL, Visual Basic and ASP / (Record no. 18126)
[ view plain ]
| 000 -LEADER | |
|---|---|
| fixed length control field | 01016 am a2200325 a 4500 |
| 001 - CONTROL NUMBER | |
| control field | 009048047 |
| 003 - CONTROL NUMBER IDENTIFIER | |
| control field | OSt |
| 005 - DATE AND TIME OF LATEST TRANSACTION | |
| control field | 20201128021034.0 |
| 008 - FIXED-LENGTH DATA ELEMENTS--GENERAL INFORMATION | |
| fixed length control field | 030519t2003 xxka frbd 001 ||eng d |
| 020 ## - INTERNATIONAL STANDARD BOOK NUMBER | |
| International Standard Book Number | 0077099869 (pbk.) |
| 020 ## - INTERNATIONAL STANDARD BOOK NUMBER | |
| International Standard Book Number | 0077099745 (variant) |
| 020 ## - INTERNATIONAL STANDARD BOOK NUMBER | |
| International Standard Book Number | 9780077099862 |
| 040 ## - CATALOGING SOURCE | |
| Original cataloging agency | StDuBDS |
| Modifying agency | Uk |
| 082 04 - DEWEY DECIMAL CLASSIFICATION NUMBER | |
| Classification number | 005.74 |
| Edition number | 22 |
| Item number | CAR |
| 100 1# - MAIN ENTRY--PERSONAL NAME | |
| Personal name | Carter, John, |
| Dates associated with a name | 1949- |
| 9 (RLIN) | 35696 |
| 245 10 - TITLE STATEMENT | |
| Title | Database design and programming with Access, SQL, Visual Basic and ASP / |
| Statement of responsibility, etc | John Carter. |
| 250 ## - EDITION STATEMENT | |
| Edition statement | 2nd ed. |
| 260 ## - PUBLICATION, DISTRIBUTION, ETC. (IMPRINT) | |
| Place of publication, distribution, etc | London : |
| Name of publisher, distributor, etc | McGraw-Hill Education, |
| Date of publication, distribution, etc | c.2003. |
| 300 ## - PHYSICAL DESCRIPTION | |
| Extent | xiv, 631 p. : |
| Other physical details | ill. ; |
| Dimensions | 24 cm. |
| 500 ## - GENERAL NOTE | |
| General note | Glossary : p. 613-616. |
| 500 ## - GENERAL NOTE | |
| General note | Index : p. 619-631. |
| 504 ## - BIBLIOGRAPHY, ETC. NOTE | |
| Bibliography, etc | Bibliography : p. 617. |
| 630 00 - SUBJECT ADDED ENTRY--UNIFORM TITLE | |
| Uniform title | Microsoft Access |
| 9 (RLIN) | 5603 |
| 650 ## - SUBJECT ADDED ENTRY--TOPICAL TERM | |
| Topical term or geographic name as entry element | Database design |
| 9 (RLIN) | 2653 |
| 650 #0 - SUBJECT ADDED ENTRY--TOPICAL TERM | |
| Topical term or geographic name as entry element | Visual programming (Computer science) |
| 9 (RLIN) | 35697 |
| 650 #0 - SUBJECT ADDED ENTRY--TOPICAL TERM | |
| Topical term or geographic name as entry element | SQL (Computer program language) |
| 9 (RLIN) | 2657 |
| 653 ## - INDEX TERM--UNCONTROLLED | |
| Resource For college | Engineering, General |
| Arrived date list | March2014 |
| 655 ## - INDEX TERM--GENRE/FORM | |
| Form subdivision | |
| -- | 33728 |
| 942 ## - ADDED ENTRY ELEMENTS (KOHA) | |
| Source of classification or shelving scheme | Dewey Decimal Classification |
| Call number prefix | 005.74 CAR |
| Withdrawn status | Item status | Source of classification or shelving scheme | Damaged status | Not for loan | Vendor | Home library | Current library | Shelving location | Date acquired | Source of acquisition | Cost, normal purchase price | Total Checkouts | Full call number | Barcode | Date last seen | Cost, replacement price | Koha item type | Date last borrowed |
|---|---|---|---|---|---|---|---|---|---|---|---|---|---|---|---|---|---|---|
| Dewey Decimal Classification | Baccah | Central Library | Central Library | Lower Floor | 18/03/2014 | 250.00 | 005.74 CAR | 000035756 | 15/07/2025 | 312.50 | NB - Book (Non borrowing) | |||||||
| Dewey Decimal Classification | Baccah | Central Library | Central Library | Lower Floor | 20/03/2014 | 250.00 | 005.74 CAR | 000035779 | 15/07/2025 | 312.50 | Book - Borrowing | |||||||
| Dewey Decimal Classification | Baccah | Central Library | Central Library | Lower Floor | 20/03/2014 | 250.00 | 005.74 CAR | 000035780 | 15/07/2025 | 312.50 | Book - Borrowing | |||||||
| Dewey Decimal Classification | Baccah | Central Library | Central Library | Lower Floor | 20/03/2014 | 250.00 | 005.74 CAR | 000035781 | 15/07/2025 | 312.50 | Book - Borrowing | |||||||
| Dewey Decimal Classification | Baccah | Central Library | Central Library | Lower Floor | 20/03/2014 | 250.00 | 1 | 005.74 CAR | 000035782 | 15/07/2025 | 312.50 | Book - Borrowing | 06/12/2015 | |||||
| Dewey Decimal Classification | Baccah | Central Library | Central Library | Lower Floor | 20/03/2014 | 250.00 | 005.74 CAR | 000035783 | 15/07/2025 | 312.50 | Book - Borrowing |